Stress and relexation

Bibliographic Details
Main Author: Kenton, Leslie
Format: Book
Published: London entury Hutchinson Ltd. , 1986
Subjects:

MARC

LEADER 00000cam a2200000 7i4500
001 0000008530
002 000009298
005 20000330.0
020 |a 0712611045 
090 0 0 |a 613.79   |b KEN 
100 1 |a Kenton, Leslie 
245 1 0 |a Stress and relexation   |c Leslie Kenton 
260 |a London entury Hutchinson Ltd. ,   |c 1986 
300 |a 127p. :   |b ill. ;   |c 27cm. 
650 0 0 |a Relaxation 
650 0 0 |a Stress management 
999 |a 021732   |b BUKU   |c PINJAMAN   |e PERPUSTAKAAN KOMUNITI PETALING JAYA